AFACAN 5 LER 16 TEPEDE (Record no. 652880)
[ view plain ]
| 000 -LEADER | |
|---|---|
| sabit uzunluktaki kontrol alanı | 00245nam a2200097Ia 4500 |
| 001 - KONTROL NUMARASI | |
| kontrol alanı | 652880 |
| 005 - EN SON İŞLEMİN TARİH VE ZAMANI | |
| kontrol alanı | 20250826154446.0 |
| 008 - SABİT-UZUNLUKTA VERİ ÖĞELERİ--GENEL BİLGİ | |
| sabit uzunluktaki kontrol alanı | 250824s9999 xx 000 0 und d |
| 245 #0 - ESER / YAZAR | |
| ESER ADI | AFACAN 5 LER 16 TEPEDE |
| Yazar Adı | ENID BLYTON |
| 260 ## - YAYIN, DAĞITIM, VB. | |
| YAYIN EVİ | ARTEMİS YAYINLARI |
| Düşüm durumu | Kayıp durumu | Hasar Durumu | Ödünç verilmez | Ana kütüphane | Geçerli Kütüphane | Edinilen tarih | Toplam ödünç verme sayısı | Barkod | İade tarihi | Son görüntüleme tarihi | Son ödünç verme tarihi | Fiyatın geçerli olmaya başladığı tarih | Koha materyal türü |
|---|---|---|---|---|---|---|---|---|---|---|---|---|---|
| ŞEHİT ABDULLAH TAYYİP OLÇOK İMAM HATİP ORTAOKULU | ŞEHİT ABDULLAH TAYYİP OLÇOK İMAM HATİP ORTAOKULU | 24.08.2025 | 1 | 1009263 | 13.05.2026 | 28.04.2026 | 28.04.2026 | 26.08.2025 | Books |